000 00527nam a2200169 a 4500
001 000015955
005 20200929164220.0
008 100222s1925 dr 001 0 spa d
040 _aDO-SdBNP
_bspa
_cBNPHU
082 _axxxx
110 1 _aRepública Dominicana
_bAyuntamiento de Santo Domingo
_935849
240 1 3 _aLeyes y decretos, etc.
245 1 0 _aReglamento para la circulación de vehículos en las vías públicas /.
260 _aSanto Domingo :
_bLa Provincia,
_c1925.
300 _a28 p. ;
_c22 cm.
049 _aBNPD
999 _c15497
_d15497